skbl

Dr Suryya Kumar Bhuyan Library Web-OPAC
ডঃ সূৰ্য্য
কুমাৰ ভূঞা পুথিভঁৰাল ৱেব-অ'পেক

All Research Scholars are advised to clear the annual library fees to continue using Library Resources, Remote Access, Plagiarism Test and Library Clearance.

Cotton University Book Fair 2026

Topology: A First Course / (Record no. 3624)

MARC details
000 -LEADER
fixed length control field 00878nam a2200337Ia 4500
001 - CONTROL NUMBER
control field 3636
005 - DATE AND TIME OF LATEST TRANSACTION
control field 20240113233639.0
007 - PHYSICAL DESCRIPTION FIXED FIELD--GENERAL INFORMATION
fixed length control field ta
008 - FIXED-LENGTH DATA ELEMENTS--GENERAL INFORMATION
fixed length control field 170829s2000 ii g b000 u 465 u
020 ## - INTERNATIONAL STANDARD BOOK NUMBER
International Standard Book Number 81-203-0290-7
Terms of availability Rs. 95.00
040 ## - CATALOGING SOURCE
Original cataloging agency Cotton College,Assam
041 ## - LANGUAGE CODE
Language code of text/sound track or separate title eng
082 ## - DEWEY DECIMAL CLASSIFICATION NUMBER
Classification number 514
Item number Mu 92 To
100 ## - MAIN ENTRY--PERSONAL NAME
Personal name Munkres, James R. .
245 #0 - TITLE STATEMENT
Title Topology: A First Course /
Statement of responsibility, etc. James R. Munkres.
Medium Textual Documents
250 ## - EDITION STATEMENT
Edition statement 1st ed. /
260 ## - PUBLICATION, DISTRIBUTION, ETC.
Place of publication, distribution, etc. New Delhi :
Name of publisher, distributor, etc. Prentice-Hall of India Pvt Ltd ,
Date of publication, distribution, etc. 2000.
300 ## - PHYSICAL DESCRIPTION
Extent xiii, 413p. ;
Dimensions 23cm.
365 ## - TRADE PRICE
Price type code Rs. 95.00
504 ## - BIBLIOGRAPHY, ETC. NOTE
Bibliography, etc. note Index
653 ## - INDEX TERM--UNCONTROLLED
Uncontrolled term Mathematics
653 ## - INDEX TERM--UNCONTROLLED
Uncontrolled term Topology
653 ## - INDEX TERM--UNCONTROLLED
Uncontrolled term PG-Mathematics
653 ## - INDEX TERM--UNCONTROLLED
Uncontrolled term G-Mathematics
942 ## - ADDED ENTRY ELEMENTS (KOHA)
Source of classification or shelving scheme Dewey Decimal Classification
Koha item type Books
Holdings
Withdrawn status Lost status Damaged status Not for loan Home library Current library Date acquired Coded location qualifier Cost, normal purchase price Total checkouts Full call number Barcode Date last seen Copy number Price effective from Koha item type Date last checked out
        Dr. Suryya Kumar Bhuyan Library Dr. Suryya Kumar Bhuyan Library 01/02/2012 00000 95.00   514 Mu 92 To 88422 13/01/2024 4 01/02/2012 Books  
        Dr. Suryya Kumar Bhuyan Library Dr. Suryya Kumar Bhuyan Library 01/02/2012 00000 95.00 1 514 Mu 92 To 1279/Math 05/03/2026 2 01/02/2012 Books 19/02/2026
        Dr. Suryya Kumar Bhuyan Library Dr. Suryya Kumar Bhuyan Library 01/02/2012 00000 95.00   514 Mu 92 To 1307/Math 21/04/2025 1 01/02/2012 Books  
        Dr. Suryya Kumar Bhuyan Library Dr. Suryya Kumar Bhuyan Library 01/02/2012 00000 95.00   514 Mu 92 To 1356/Math 13/01/2024 3 01/02/2012 Books  

Designed and Maintained by Team SKBL
©1901-2026

Powered by Koha